El interrogatorio en la investigación criminal: confesión y torturas, ritos y sectas, técnicas para la investigación del delito, psicología, sociología, psicopatología (Registro nro. 17)
[ vista simple ]
| 000 -Cabecera | |
|---|---|
| Campo de control de longitud fija | 00802aam a2200265 4500 |
| 005 - Fecha y hora de la última transacción | |
| Campo de control | 20251003152412.0 |
| 008 - Elementos de longitud fija--Información general | |
| Campo de control de longitud fija | 150715b1989 xxu||||| |||| 00| 0 spa d |
| 020 ## - International Standard Book Number | |
| Número Internacional Estándar del Libro (ISBN) | 9506791643 |
| 041 ## - Idioma | |
| Código de idioma | Español |
| 082 ## - Clasificación Decimal Dewey | |
| Número de clasificación | 363.25 E74i |
| 100 ## - Entrada principal--Autor personal | |
| Nombre personal | Escobar, Raúl Tomás |
| 245 ## - Título propiamente dicho | |
| Título | El interrogatorio en la investigación criminal: confesión y torturas, ritos y sectas, técnicas para la investigación del delito, psicología, sociología, psicopatología |
| 260 ## - Pie de imprenta | |
| Lugar de publicación, distribución, etc. | Argentina |
| 260 ## - Pie de imprenta | |
| Nombre del editor, distribuidor, etc. | Universidad |
| 260 ## - Pie de imprenta | |
| Fecha de publicación, distribución, etc. | 1989 |
| 300 ## - Descripción física | |
| Extensión | 350 páginas |
| 490 ## - Serie | |
| Título de la Serie | Investigación Criminal |
| 650 ## - Materia general | |
| Temática (materia general) | CRIMINALISTICA |
| 650 ## - Materia general | |
| Temática (materia general) | CONFESIÓN |
| 650 ## - Materia general | |
| Temática (materia general) | INTERROGATORIO |
| 650 ## - Materia general | |
| Temática (materia general) | TORTURAS |
| 650 ## - Materia general | |
| Temática (materia general) | INVESTIGACIÓN CRIMINAL |
| 650 ## - Materia general | |
| Temática (materia general) | SOCIOLOGIA CRIMINAL |
| 942 ## - Punto de acceso adicional KOHA | |
| Tipo de ítem KOHA | Libro |
| Fuente del sistema de clasificación o colocación | Dewey Decimal Classification |
| Signatura completa | Código de barras | Programa Académico | Tipo de ítem |
|---|---|---|---|
| 363.25 E74i | 2928 | Investigación Criminal | Libro |
| 363.25 E74i | 2512 | Investigación Criminal | Libro |
| 363.25 E74i | 6781 | Investigación Criminal | Libro |
| 363.25 E74i | 7448 | Investigación Criminal | Libro |